[Event "Campeonato de España Blitz 2017"]
[Site "Linares"]
[Date "2017.08.12"]
[Round "3"]
[White "Cuenca Jimenez, Jose Fernando"]
[Black "Vallejo Pons, Francisco"]
[Result "1-0"]
[Board "1"]
[WhiteTitle "GM"]
[WhiteElo "2415"]
[WhiteCountry "ESP"]
[WhiteFideId "2255570"]
[WhiteEloChange "8"]
[BlackTitle "GM"]
[BlackElo "2677"]
[BlackCountry "ESP"]
[BlackFideId "2205530"]
[BlackEloChange "-8"]

1. Nf3 {[%clk 0:03:02]} e6 {[%clk 0:03:03]} 2. c4 {[%clk 0:02:57]} d5 {[%clk
0:03:02]} 3. d4 {[%clk 0:02:52]} a6 {[%clk 0:03:02]} 4. g3 {[%clk 0:02:35]} dxc4
{[%clk 0:02:57]} 5. Bg2 {[%clk 0:02:37]} b5 {[%clk 0:02:53]} 6. Ne5 {[%clk
0:02:28]} c6 {[%clk 0:02:43]} 7. O-O {[%clk 0:02:02]} Bb7 {[%clk 0:02:42]} 8. a4
{[%clk 0:01:58]} Bd6 {[%clk 0:02:31]} 9. b3 {[%clk 0:01:37]} cxb3 {[%clk
0:01:58]} 10. Qxb3 {[%clk 0:01:35]} Ne7 {[%clk 0:01:57]} 11. Nc3 {[%clk 0:01:26]}
b4 {[%clk 0:01:24]} 12. Ne4 {[%clk 0:01:23]} a5 {[%clk 0:00:44]} 13. Nxf7 {[%clk
0:00:40]} Kxf7 {[%clk 0:00:44]} 14. Ng5+ {[%clk 0:00:41]} Ke8 {[%clk 0:00:46]}
15. Nxe6 {[%clk 0:00:32]} Qd7 {[%clk 0:00:44]} 16. Bh3 {[%clk 0:00:22]} Nd5
{[%clk 0:00:34]} 17. e4 {[%clk 0:00:16]} Nc3 {[%clk 0:00:24]} 18. f3 {[%clk
0:00:08]} Ba6 {[%clk 0:00:12]} 19. Re1 {[%clk 0:00:09]} Qf7 {[%clk 0:00:08]} 20.
f4 {[%clk 0:00:04]} Nd7 {[%clk 0:00:07]} 21. e5 {[%clk 0:00:05]} Bb8 {[%clk
0:00:08]} 22. f5 {[%clk 0:00:04]} Qe7 {[%clk 0:00:08]} 23. Bg5 {[%clk 0:00:04]}
Qf7 {[%clk 0:00:09]} 24. Rac1 {[%clk 0:00:05]} Qh5 {[%clk 0:00:09]} 25. Bg2
{[%clk 0:00:04]} Ne2+ {[%clk 0:00:09]} 26. Rxe2 {[%clk 0:00:05]} Qxe2 {[%clk
0:00:09]} 27. Nc7+ {[%clk 0:00:05]} Kf8 {[%clk 0:00:08]} 28. Ne6+ {[%clk
0:00:04]} Ke8 {[%clk 0:00:07]} 29. Nxg7+ {[%clk 0:00:05]} Kf8 {[%clk 0:00:07]}
30. Ne6+ {[%clk 0:00:05]} Ke8 {[%clk 0:00:06]} 31. Nc7+ {[%clk 0:00:06]} Kf8
{[%clk 0:00:06]} 32. Bh6+ {[%clk 0:00:06]} Ke7 {[%clk 0:00:06]} 33. Bg5+ {[%clk
0:00:06]} Kf8 {[%clk 0:00:06]} 34. Ne6+ {[%clk 0:00:04]} Ke8 {[%clk 0:00:11]} 35.
Nc7+ {[%clk 0:00:03]} Kf8 {[%clk 0:00:11]} 36. Ne6+ {[%clk 0:00:03]} 1-0

[Event "Campeonato de España Blitz 2017"]
[Site "Linares"]
[Date "2017.08.12"]
[Round "3"]
[White "Alsina Leal, Daniel"]
[Black "Bruzon Batista, Lazaro"]
[Result "0-1"]
[Board "2"]
[WhiteTitle "GM"]
[WhiteElo "2413"]
[WhiteCountry "ESP"]
[WhiteFideId "2252627"]
[WhiteEloChange "-2"]
[BlackTitle "GM"]
[BlackElo "2662"]
[BlackCountry "CUB"]
[BlackFideId "3503739"]
[BlackEloChange "2"]

1. e4 {[%clk 0:03:02]} e5 {[%clk 0:03:03]} 2. Nf3 {[%clk 0:03:03]} Nf6 {[%clk
0:03:00]} 3. Nxe5 {[%clk 0:03:03]} d6 {[%clk 0:03:01]} 4. Nf3 {[%clk 0:03:03]}
Nxe4 {[%clk 0:03:02]} 5. d4 {[%clk 0:03:03]} d5 {[%clk 0:03:03]} 6. Bd3 {[%clk
0:03:03]} Be7 {[%clk 0:03:03]} 7. O-O {[%clk 0:03:00]} Nd6 {[%clk 0:03:02]} 8.
Re1 {[%clk 0:02:47]} O-O {[%clk 0:03:01]} 9. Bf4 {[%clk 0:02:38]} Re8 {[%clk
0:02:59]} 10. Nbd2 {[%clk 0:02:24]} Nd7 {[%clk 0:02:56]} 11. c4 {[%clk 0:02:21]}
dxc4 {[%clk 0:02:46]} 12. Nxc4 {[%clk 0:02:22]} Nb6 {[%clk 0:02:28]} 13. Nxd6
{[%clk 0:01:58]} Bxd6 {[%clk 0:02:29]} 14. Rxe8+ {[%clk 0:01:56]} Qxe8 {[%clk
0:02:30]} 15. Bxd6 {[%clk 0:01:50]} cxd6 {[%clk 0:02:30]} 16. h3 {[%clk 0:01:26]}
h6 {[%clk 0:02:26]} 17. Qc2 {[%clk 0:01:05]} Be6 {[%clk 0:02:17]} 18. Qc7 {[%clk
0:01:05]} Qd7 {[%clk 0:02:14]} 19. Qxd7 {[%clk 0:01:01]} Bxd7 {[%clk 0:02:14]}
20. Rc1 {[%clk 0:00:58]} Bc6 {[%clk 0:02:13]} 21. Nd2 {[%clk 0:00:55]} Nd5 {[%clk
0:02:11]} 22. g3 {[%clk 0:00:52]} Kf8 {[%clk 0:01:58]} 23. a3 {[%clk 0:00:51]}
Rd8 {[%clk 0:01:47]} 24. b4 {[%clk 0:00:50]} Ne7 {[%clk 0:01:24]} 25. Be4 {[%clk
0:00:34]} Bxe4 {[%clk 0:01:01]} 26. Nxe4 {[%clk 0:00:35]} Nd5 {[%clk 0:01:02]}
27. Kf1 {[%clk 0:00:23]} f5 {[%clk 0:01:03]} 28. Nc3 {[%clk 0:00:07]} Rc8 {[%clk
0:01:04]} 29. Ne2 {[%clk 0:00:07]} Rxc1+ {[%clk 0:01:04]} 30. Nxc1 {[%clk
0:00:08]} Nc3 {[%clk 0:01:05]} 31. Nb3 {[%clk 0:00:05]} Ke7 {[%clk 0:01:05]} 32.
Ke1 {[%clk 0:00:06]} b5 {[%clk 0:01:00]} 33. Kd2 {[%clk 0:00:04]} Nb1+ {[%clk
0:01:01]} 34. Kd3 {[%clk 0:00:06]} Nxa3 {[%clk 0:01:02]} 35. Nd2 {[%clk 0:00:05]}
Ke6 {[%clk 0:01:02]} 36. Nf1 {[%clk 0:00:06]} Nc4 {[%clk 0:01:03]} 37. g4 {[%clk
0:00:06]} f4 {[%clk 0:00:56]} 38. Nh2 {[%clk 0:00:07]} Nb6 {[%clk 0:00:54]} 39.
Kc3 {[%clk 0:00:03]} Nd5+ {[%clk 0:00:52]} 40. Kb3 {[%clk 0:00:05]} Ne7 {[%clk
0:00:52]} 41. Kc3 {[%clk 0:00:04]} Kd5 {[%clk 0:00:50]} 42. Nf3 {[%clk 0:00:05]}
Nc6 {[%clk 0:00:51]} 43. h4 {[%clk 0:00:06]} g6 {[%clk 0:00:51]} 44. g5 {[%clk
0:00:06]} hxg5 {[%clk 0:00:50]} 45. hxg5 {[%clk 0:00:07]} a6 {[%clk 0:00:51]} 46.
Ne1 {[%clk 0:00:04]} Nxd4 {[%clk 0:00:50]} 47. Ng2 {[%clk 0:00:05]} Ne6 {[%clk
0:00:50]} 48. Nh4 {[%clk 0:00:05]} Nxg5 {[%clk 0:00:46]} 49. Nxg6 {[%clk
0:00:07]} Ke4 {[%clk 0:00:46]} 50. Nh4 {[%clk 0:00:04]} d5 {[%clk 0:00:47]} 51.
Ng6 {[%clk 0:00:05]} d4+ {[%clk 0:00:48]} 52. Kd2 {[%clk 0:00:06]} Nf3+ {[%clk
0:00:49]} 53. Ke2 {[%clk 0:00:07]} d3+ {[%clk 0:00:50]} 54. Kd1 {[%clk 0:00:09]}
Ne5 {[%clk 0:00:47]} 55. Nf8 {[%clk 0:00:10]} Nc6 {[%clk 0:00:46]} 56. Nd7 {[%clk
0:00:10]} Nxb4 {[%clk 0:00:46]} 0-1

[Event "Campeonato de España Blitz 2017"]
[Site "Linares"]
[Date "2017.08.12"]
[Round "3"]
[White "Salgado Lopez, Ivan"]
[Black "Ladron De Guevara Pinto, Paolo"]
[Result "0-1"]
[Board "3"]
[WhiteTitle "GM"]
[WhiteElo "2644"]
[WhiteCountry "ESP"]
[WhiteFideId "2257327"]
[WhiteEloChange "-9"]
[BlackTitle "FM"]
[BlackElo "2313"]
[BlackCountry "ESP"]
[BlackFideId "2290847"]
[BlackEloChange "17"]

1. e4 {[%clk 0:03:02]} e5 {[%clk 0:03:03]} 2. Bc4 {[%clk 0:03:00]} Nf6 {[%clk
0:03:03]} 3. d3 {[%clk 0:03:01]} c6 {[%clk 0:03:04]} 4. Nf3 {[%clk 0:03:01]} d5
{[%clk 0:03:04]} 5. Bb3 {[%clk 0:03:02]} Bb4+ {[%clk 0:03:05]} 6. Bd2 {[%clk
0:02:58]} Bd6 {[%clk 0:03:06]} 7. exd5 {[%clk 0:02:56]} cxd5 {[%clk 0:03:06]} 8.
Bg5 {[%clk 0:02:55]} Be6 {[%clk 0:02:56]} 9. Nc3 {[%clk 0:02:54]} d4 {[%clk
0:02:13]} 10. Ne4 {[%clk 0:02:44]} Be7 {[%clk 0:01:25]} 11. Bxf6 {[%clk 0:02:32]}
gxf6 {[%clk 0:01:15]} 12. O-O {[%clk 0:02:24]} Qd7 {[%clk 0:01:11]} 13. Bxe6
{[%clk 0:02:22]} fxe6 {[%clk 0:01:04]} 14. c3 {[%clk 0:02:19]} Nc6 {[%clk
0:01:05]} 15. cxd4 {[%clk 0:02:19]} exd4 {[%clk 0:01:05]} 16. Rc1 {[%clk
0:02:19]} O-O {[%clk 0:00:51]} 17. Qb3 {[%clk 0:02:10]} Kh8 {[%clk 0:00:50]} 18.
Rfe1 {[%clk 0:02:07]} e5 {[%clk 0:00:51]} 19. Ng3 {[%clk 0:01:44]} Bd6 {[%clk
0:00:45]} 20. Qd5 {[%clk 0:01:41]} Ne7 {[%clk 0:00:36]} 21. Qe4 {[%clk 0:01:42]}
f5 {[%clk 0:00:36]} 22. Nxe5 {[%clk 0:01:23]} fxe4 {[%clk 0:00:14]} 23. Nxd7
{[%clk 0:01:23]} Rfd8 {[%clk 0:00:15]} 24. Nf6 {[%clk 0:01:23]} exd3 {[%clk
0:00:14]} 25. Rcd1 {[%clk 0:01:23]} d2 {[%clk 0:00:11]} 26. Re6 {[%clk 0:01:17]}
Rac8 {[%clk 0:00:08]} 27. Rxd2 {[%clk 0:01:07]} Rc1+ {[%clk 0:00:05]} 28. Nf1
{[%clk 0:01:08]} Nf5 {[%clk 0:00:06]} 29. g3 {[%clk 0:00:59]} Kg7 {[%clk
0:00:07]} 30. Nh5+ {[%clk 0:00:59]} Kg8 {[%clk 0:00:07]} 31. Kg2 {[%clk 0:00:54]}
Bb4 {[%clk 0:00:08]} 32. Rd3 {[%clk 0:00:54]} Rc2 {[%clk 0:00:08]} 33. Rf3 {[%clk
0:00:48]} Ng7 {[%clk 0:00:06]} 34. Nf6+ {[%clk 0:00:43]} Kh8 {[%clk 0:00:06]} 35.
Re4 {[%clk 0:00:41]} Bc5 {[%clk 0:00:04]} 36. Rh4 {[%clk 0:00:39]} h5 {[%clk
0:00:04]} 37. Nxh5 {[%clk 0:00:39]} Nxh5 {[%clk 0:00:05]} 38. Rxh5+ {[%clk
0:00:40]} Kg7 {[%clk 0:00:06]} 39. Rg5+ {[%clk 0:00:30]} Kh6 {[%clk 0:00:05]} 40.
Rg4 {[%clk 0:00:29]} d3 {[%clk 0:00:06]} 41. Rf6+ {[%clk 0:00:25]} Kh7 {[%clk
0:00:07]} 42. Rf5 {[%clk 0:00:16]} Bf8 {[%clk 0:00:06]} 43. Rh5+ {[%clk 0:00:14]}
Bh6 {[%clk 0:00:07]} 44. Ne3 {[%clk 0:00:15]} d2 {[%clk 0:00:07]} 45. Nf5 {[%clk
0:00:15]} Rc6 {[%clk 0:00:08]} 46. Ne3 {[%clk 0:00:15]} d1Q {[%clk 0:00:08]} 47.
Nxd1 {[%clk 0:00:15]} Rxd1 {[%clk 0:00:09]} 48. Rb4 {[%clk 0:00:16]} b6 {[%clk
0:00:10]} 49. Rf5 {[%clk 0:00:17]} Rd2 {[%clk 0:00:11]} 50. a4 {[%clk 0:00:14]}
Rcc2 {[%clk 0:00:12]} 51. b3 {[%clk 0:00:13]} Be3 {[%clk 0:00:12]} 52. h4 {[%clk
0:00:12]} Rxf2+ {[%clk 0:00:13]} 53. Rxf2 {[%clk 0:00:13]} Rxf2+ {[%clk 0:00:14]}
54. Kh3 {[%clk 0:00:14]} Bc5 {[%clk 0:00:11]} 55. Re4 {[%clk 0:00:13]} Rf3 {[%clk
0:00:12]} 56. b4 {[%clk 0:00:07]} Bd6 {[%clk 0:00:14]} 57. Kg4 {[%clk 0:00:09]}
Rxg3+ {[%clk 0:00:15]} 58. Kf5 {[%clk 0:00:10]} Rb3 {[%clk 0:00:15]} 59. b5
{[%clk 0:00:11]} Rb4 {[%clk 0:00:17]} 60. Rxb4 {[%clk 0:00:12]} Bxb4 {[%clk
0:00:17]} 61. Ke6 {[%clk 0:00:12]} Ba5 {[%clk 0:00:17]} 62. Kd7 {[%clk 0:00:10]}
Kh6 {[%clk 0:00:18]} 63. Kc6 {[%clk 0:00:11]} Kh5 {[%clk 0:00:20]} 64. Kb7 {[%clk
0:00:13]} Kxh4 {[%clk 0:00:21]} 0-1

[Event "Campeonato de España Blitz 2017"]
[Site "Linares"]
[Date "2017.08.12"]
[Round "3"]
[White "Valmana Canto, Jaime"]
[Black "Anton Guijarro, David"]
[Result "0-1"]
[Board "4"]
[WhiteTitle "IM"]
[WhiteElo "2334"]
[WhiteCountry "ESP"]
[WhiteFideId "2268990"]
[WhiteEloChange "-3"]
[BlackTitle "GM"]
[BlackElo "2620"]
[BlackCountry "ESP"]
[BlackFideId "2285525"]
[BlackEloChange "2"]

1. e4 {[%clk 0:03:01]} g6 {[%clk 0:03:02]} 2. d4 {[%clk 0:03:02]} Bg7 {[%clk
0:03:02]} 3. Nc3 {[%clk 0:03:02]} c6 {[%clk 0:03:03]} 4. Nf3 {[%clk 0:02:59]} d6
{[%clk 0:03:04]} 5. Be2 {[%clk 0:02:52]} Nf6 {[%clk 0:03:03]} 6. O-O {[%clk
0:02:51]} O-O {[%clk 0:03:03]} 7. Re1 {[%clk 0:02:41]} Qc7 {[%clk 0:02:57]} 8. a4
{[%clk 0:02:26]} a5 {[%clk 0:02:51]} 9. h3 {[%clk 0:02:26]} e5 {[%clk 0:02:50]}
10. Be3 {[%clk 0:01:57]} Na6 {[%clk 0:02:39]} 11. Qd2 {[%clk 0:01:44]} exd4
{[%clk 0:02:18]} 12. Bxd4 {[%clk 0:01:31]} Re8 {[%clk 0:02:14]} 13. Bc4 {[%clk
0:01:19]} Be6 {[%clk 0:01:57]} 14. Bxe6 {[%clk 0:01:02]} Rxe6 {[%clk 0:01:54]}
15. e5 {[%clk 0:00:33]} dxe5 {[%clk 0:01:24]} 16. Bxe5 {[%clk 0:00:34]} Qe7
{[%clk 0:01:23]} 17. Bg3 {[%clk 0:00:21]} Nb4 {[%clk 0:01:12]} 18. Rxe6 {[%clk
0:00:21]} Qxe6 {[%clk 0:01:12]} 19. Re1 {[%clk 0:00:22]} Qd7 {[%clk 0:01:11]} 20.
Qc1 {[%clk 0:00:19]} Re8 {[%clk 0:00:50]} 21. Ne5 {[%clk 0:00:09]} Qf5 {[%clk
0:00:48]} 22. Nd1 {[%clk 0:00:03]} Qxc2 {[%clk 0:00:40]} 23. Ne3 {[%clk 0:00:03]}
Qxc1 {[%clk 0:00:35]} 24. Rxc1 {[%clk 0:00:04]} Nh5 {[%clk 0:00:36]} 25. N5c4
{[%clk 0:00:04]} Nxg3 {[%clk 0:00:34]} 26. fxg3 {[%clk 0:00:04]} Bd4 {[%clk
0:00:33]} 0-1

[Event "Campeonato de España Blitz 2017"]
[Site "Linares"]
[Date "2017.08.12"]
[Round "3"]
[White "Larino Nieto, David"]
[Black "Suarez Gomez, Julio"]
[Result "1/2-1/2"]
[Board "5"]
[WhiteTitle "GM"]
[WhiteElo "2595"]
[WhiteCountry "ESP"]
[WhiteFideId "2256444"]
[WhiteEloChange "-3"]
[BlackTitle "FM"]
[BlackElo "2305"]
[BlackCountry "ESP"]
[BlackFideId "22275991"]
[BlackEloChange "7"]

1. g3 {[%clk 0:03:01]} d5 {[%clk 0:03:01]} 2. Bg2 {[%clk 0:02:59]} e6 {[%clk
0:02:53]} 3. c4 {[%clk 0:02:59]} Nf6 {[%clk 0:02:53]} 4. b3 {[%clk 0:02:50]} c6
{[%clk 0:02:52]} 5. Bb2 {[%clk 0:02:51]} Nbd7 {[%clk 0:02:53]} 6. Nf3 {[%clk
0:02:50]} Be7 {[%clk 0:02:54]} 7. O-O {[%clk 0:02:49]} O-O {[%clk 0:02:53]} 8. d3
{[%clk 0:02:51]} a5 {[%clk 0:02:54]} 9. Nc3 {[%clk 0:02:49]} b6 {[%clk 0:02:50]}
10. e4 {[%clk 0:02:49]} dxe4 {[%clk 0:02:48]} 11. Nxe4 {[%clk 0:02:48]} Bb7
{[%clk 0:02:44]} 12. Qc2 {[%clk 0:02:49]} Qc7 {[%clk 0:02:33]} 13. Rfe1 {[%clk
0:02:45]} Nxe4 {[%clk 0:02:32]} 14. dxe4 {[%clk 0:02:32]} e5 {[%clk 0:02:28]} 15.
Bh3 {[%clk 0:02:32]} f6 {[%clk 0:02:19]} 16. Bxd7 {[%clk 0:02:31]} Qxd7 {[%clk
0:02:20]} 17. Rad1 {[%clk 0:02:31]} Qc7 {[%clk 0:02:16]} 18. Nh4 {[%clk 0:02:30]}
Bc8 {[%clk 0:02:15]} 19. a3 {[%clk 0:02:29]} Be6 {[%clk 0:02:12]} 20. Nf5 {[%clk
0:02:15]} Rfd8 {[%clk 0:02:07]} 21. Ne3 {[%clk 0:02:06]} Bc5 {[%clk 0:02:06]} 22.
Nf5 {[%clk 0:01:58]} Rxd1 {[%clk 0:01:54]} 23. Rxd1 {[%clk 0:01:59]} Rd8 {[%clk
0:01:55]} 24. Kg2 {[%clk 0:01:57]} Rd7 {[%clk 0:01:49]} 25. a4 {[%clk 0:01:11]}
Qd8 {[%clk 0:01:48]} 26. Rxd7 {[%clk 0:01:12]} Qxd7 {[%clk 0:01:49]} 27. Bc1
{[%clk 0:01:06]} g6 {[%clk 0:01:44]} 28. Ne3 {[%clk 0:00:49]} Bh3+ {[%clk
0:01:40]} 29. Kg1 {[%clk 0:00:46]} Kg7 {[%clk 0:01:15]} 30. Qe2 {[%clk 0:00:33]}
Qd4 {[%clk 0:01:10]} 31. Nd1 {[%clk 0:00:33]} Qa1 {[%clk 0:01:04]} 32. Qd2 {[%clk
0:00:32]} g5 {[%clk 0:00:49]} 33. Qb2 {[%clk 0:00:24]} Qxb2 {[%clk 0:00:47]} 34.
Nxb2 {[%clk 0:00:25]} Bd4 {[%clk 0:00:43]} 35. Nd3 {[%clk 0:00:19]} Bg4 {[%clk
0:00:39]} 36. Be3 {[%clk 0:00:07]} Bxe3 {[%clk 0:00:36]} 37. fxe3 {[%clk
0:00:09]} c5 {[%clk 0:00:30]} 38. Nf2 {[%clk 0:00:07]} Bf3 {[%clk 0:00:26]} 39.
g4 {[%clk 0:00:09]} h5 {[%clk 0:00:24]} 40. h3 {[%clk 0:00:08]} hxg4 {[%clk
0:00:24]} 41. hxg4 {[%clk 0:00:09]} Kf7 {[%clk 0:00:25]} 42. Kf1 {[%clk 0:00:09]}
Ke6 {[%clk 0:00:26]} 43. Ke1 {[%clk 0:00:10]} Kd6 {[%clk 0:00:27]} 44. Kf1 {[%clk
0:00:09]} Ke6 {[%clk 0:00:28]} 45. Kg1 {[%clk 0:00:10]} Kd6 {[%clk 0:00:26]} 46.
Kh2 {[%clk 0:00:11]} Ke6 {[%clk 0:00:27]} 47. Kg3 {[%clk 0:00:12]} Be2 {[%clk
0:00:28]} 48. Kg2 {[%clk 0:00:14]} Kd6 {[%clk 0:00:29]} 1/2-1/2

[Event "Campeonato de España Blitz 2017"]
[Site "Linares"]
[Date "2017.08.12"]
[Round "3"]
[White "Ibanez Aullana, Ramon"]
[Black "Narciso Dublan, Marc"]
[Result "0-1"]
[Board "6"]
[WhiteTitle "FM"]
[WhiteElo "2307"]
[WhiteCountry "ESP"]
[WhiteFideId "2207532"]
[WhiteEloChange "-3"]
[BlackTitle "GM"]
[BlackElo "2582"]
[BlackCountry "ESP"]
[BlackFideId "2201500"]
[BlackEloChange "2"]

1. e4 {[%clk 0:03:02]} e6 {[%clk 0:03:02]} 2. d4 {[%clk 0:03:02]} d5 {[%clk
0:03:03]} 3. Nc3 {[%clk 0:03:01]} dxe4 {[%clk 0:03:04]} 4. Nxe4 {[%clk 0:03:01]}
Nd7 {[%clk 0:03:06]} 5. Nf3 {[%clk 0:02:58]} Ngf6 {[%clk 0:03:07]} 6. Nxf6+
{[%clk 0:02:36]} Nxf6 {[%clk 0:03:08]} 7. Bd3 {[%clk 0:02:34]} c5 {[%clk
0:03:09]} 8. O-O {[%clk 0:02:24]} cxd4 {[%clk 0:03:10]} 9. Nxd4 {[%clk 0:02:23]}
Bc5 {[%clk 0:03:12]} 10. c3 {[%clk 0:02:15]} Bd7 {[%clk 0:03:08]} 11. Be3 {[%clk
0:02:10]} Qc7 {[%clk 0:03:05]} 12. b4 {[%clk 0:02:02]} Bd6 {[%clk 0:02:54]} 13.
h3 {[%clk 0:01:25]} a6 {[%clk 0:02:31]} 14. Rc1 {[%clk 0:01:22]} O-O {[%clk
0:02:28]} 15. a3 {[%clk 0:01:19]} Bh2+ {[%clk 0:02:18]} 16. Kh1 {[%clk 0:01:19]}
Bf4 {[%clk 0:02:20]} 17. Qf3 {[%clk 0:01:11]} Bxe3 {[%clk 0:02:20]} 18. fxe3
{[%clk 0:01:09]} Rad8 {[%clk 0:01:58]} 19. Bb1 {[%clk 0:01:05]} b5 {[%clk
0:01:38]} 20. e4 {[%clk 0:00:52]} Bc8 {[%clk 0:01:32]} 21. Qe3 {[%clk 0:00:53]}
Nd7 {[%clk 0:01:27]} 22. Nf3 {[%clk 0:00:37]} Bb7 {[%clk 0:01:08]} 23. e5 {[%clk
0:00:31]} Bxf3 {[%clk 0:01:08]} 24. Rxf3 {[%clk 0:00:32]} Qxe5 {[%clk 0:01:06]}
25. Qa7 {[%clk 0:00:27]} Nf6 {[%clk 0:00:58]} 26. Rcf1 {[%clk 0:00:17]} Rd2
{[%clk 0:00:57]} 27. Qxa6 {[%clk 0:00:11]} Nh5 {[%clk 0:00:19]} 28. Rxf7 {[%clk
0:00:11]} Ng3+ {[%clk 0:00:20]} 29. Kg1 {[%clk 0:00:12]} Qe3+ {[%clk 0:00:13]}
30. R7f2 {[%clk 0:00:07]} Rdxf2 {[%clk 0:00:11]} 0-1

[Event "Campeonato de España Blitz 2017"]
[Site "Linares"]
[Date "2017.08.12"]
[Round "3"]
[White "Sanchez Gonzalez, Sergio"]
[Black "Vazquez Igarza, Renier"]
[Result "0-1"]
[Board "7"]
[WhiteTitle "FM"]
[WhiteElo "2301"]
[WhiteCountry "ESP"]
[WhiteFideId "2273020"]
[WhiteEloChange "-3"]
[BlackTitle "GM"]
[BlackElo "2577"]
[BlackCountry "ESP"]
[BlackFideId "3503054"]
[BlackEloChange "2"]

1. Nf3 {[%clk 0:03:02]} Nf6 {[%clk 0:03:02]} 2. c4 {[%clk 0:03:01]} c5 {[%clk
0:03:04]} 3. Nc3 {[%clk 0:03:01]} b6 {[%clk 0:03:03]} 4. g3 {[%clk 0:02:59]} Bb7
{[%clk 0:03:05]} 5. Bg2 {[%clk 0:03:00]} g6 {[%clk 0:03:06]} 6. O-O {[%clk
0:02:59]} Bg7 {[%clk 0:03:07]} 7. Re1 {[%clk 0:02:55]} Ne4 {[%clk 0:03:07]} 8.
Nxe4 {[%clk 0:02:48]} Bxe4 {[%clk 0:03:08]} 9. d3 {[%clk 0:02:48]} Bb7 {[%clk
0:03:08]} 10. e4 {[%clk 0:02:46]} Nc6 {[%clk 0:03:09]} 11. Be3 {[%clk 0:02:46]}
Bxb2 {[%clk 0:03:08]} 12. Rb1 {[%clk 0:02:45]} Bg7 {[%clk 0:02:59]} 13. Bxc5
{[%clk 0:02:43]} bxc5 {[%clk 0:02:35]} 14. Rxb7 {[%clk 0:02:43]} Rb8 {[%clk
0:02:11]} 15. Rb5 {[%clk 0:02:23]} Rxb5 {[%clk 0:01:48]} 16. cxb5 {[%clk
0:02:23]} Nd4 {[%clk 0:01:49]} 17. Nxd4 {[%clk 0:02:12]} Bxd4 {[%clk 0:01:49]}
18. Qb3 {[%clk 0:02:09]} O-O {[%clk 0:01:45]} 19. a4 {[%clk 0:02:07]} Qa5 {[%clk
0:01:40]} 20. Rd1 {[%clk 0:02:08]} e6 {[%clk 0:01:39]} 21. Kf1 {[%clk 0:01:48]}
Kg7 {[%clk 0:01:40]} 22. f4 {[%clk 0:01:39]} Rb8 {[%clk 0:01:34]} 23. Ke2 {[%clk
0:00:53]} h5 {[%clk 0:01:23]} 24. Rb1 {[%clk 0:00:49]} d6 {[%clk 0:01:19]} 25.
Bf3 {[%clk 0:00:39]} Qc7 {[%clk 0:01:13]} 26. Qc2 {[%clk 0:00:37]} h4 {[%clk
0:00:59]} 27. Qd2 {[%clk 0:00:29]} hxg3 {[%clk 0:00:58]} 28. hxg3 {[%clk
0:00:30]} Rh8 {[%clk 0:00:58]} 29. Rh1 {[%clk 0:00:28]} Rxh1 {[%clk 0:00:51]} 30.
Bxh1 {[%clk 0:00:29]} c4 {[%clk 0:00:48]} 31. dxc4 {[%clk 0:00:20]} Qxc4+ {[%clk
0:00:49]} 32. Qd3 {[%clk 0:00:20]} Qxa4 {[%clk 0:00:48]} 33. Kf3 {[%clk 0:00:15]}
e5 {[%clk 0:00:42]} 34. f5 {[%clk 0:00:15]} Qa1 {[%clk 0:00:42]} 35. Bg2 {[%clk
0:00:15]} 0-1

[Event "Campeonato de España Blitz 2017"]
[Site "Linares"]
[Date "2017.08.12"]
[Round "3"]
[White "Alonso Rosell, Alvar"]
[Black "Fidalgo Fernandez, Javier"]
[Result "1-0"]
[Board "8"]
[WhiteTitle "GM"]
[WhiteElo "2575"]
[WhiteCountry "ESP"]
[WhiteFideId "2270544"]
[WhiteEloChange "2"]
[BlackTitle "FM"]
[BlackElo "2288"]
[BlackCountry "ESP"]
[BlackFideId "2263645"]
[BlackEloChange "-3"]

1. d4 {[%clk 0:03:02]} d5 {[%clk 0:03:02]} 2. c4 {[%clk 0:03:02]} dxc4 {[%clk
0:03:02]} 3. Nf3 {[%clk 0:03:02]} Bg4 {[%clk 0:03:02]} 4. Ne5 {[%clk 0:02:52]}
Bf5 {[%clk 0:02:58]} 5. Nc3 {[%clk 0:02:52]} Nd7 {[%clk 0:02:53]} 6. Nxc4 {[%clk
0:02:36]} Ngf6 {[%clk 0:02:50]} 7. f3 {[%clk 0:02:35]} e6 {[%clk 0:02:49]} 8. e4
{[%clk 0:02:33]} Bg6 {[%clk 0:02:49]} 9. Be2 {[%clk 0:02:24]} Bb4 {[%clk
0:02:46]} 10. O-O {[%clk 0:02:20]} O-O {[%clk 0:02:41]} 11. Qb3 {[%clk 0:02:19]}
Bxc3 {[%clk 0:02:40]} 12. bxc3 {[%clk 0:02:19]} b6 {[%clk 0:02:29]} 13. Rd1
{[%clk 0:02:14]} Qc8 {[%clk 0:02:27]} 14. a4 {[%clk 0:02:10]} c5 {[%clk 0:02:14]}
15. Bf4 {[%clk 0:01:57]} Rd8 {[%clk 0:01:54]} 16. a5 {[%clk 0:01:44]} Ne8 {[%clk
0:01:44]} 17. axb6 {[%clk 0:01:18]} axb6 {[%clk 0:01:34]} 18. Rab1 {[%clk
0:00:57]} Qa6 {[%clk 0:01:17]} 19. Bf1 {[%clk 0:00:54]} Qa4 {[%clk 0:01:10]} 20.
Qxa4 {[%clk 0:00:46]} Rxa4 {[%clk 0:01:10]} 21. d5 {[%clk 0:00:47]} exd5 {[%clk
0:00:38]} 22. Rxd5 {[%clk 0:00:48]} Raa8 {[%clk 0:00:32]} 23. Rbd1 {[%clk
0:00:38]} Nef6 {[%clk 0:00:32]} 24. Rd6 {[%clk 0:00:34]} Kf8 {[%clk 0:00:23]} 25.
Nxb6 {[%clk 0:00:21]} Ke7 {[%clk 0:00:24]} 26. Nxa8 {[%clk 0:00:21]} 1-0